| 000 | 00630nam a22002177a 4500 | ||
|---|---|---|---|
| 999 |
_c4199 _d4199 |
||
| 003 | OSt | ||
| 005 | 20250124102447.0 | ||
| 008 | 250124b ||||| |||| 00| 0 eng d | ||
| 020 | _a9780446536431 | ||
| 040 | _cKH8 | ||
| 082 | _a303.4 PEN | ||
| 100 |
_aPenn, Mark J. _eauthor. |
||
| 245 |
_aMicrotrends : _bthe small forces behind tomorrow's big changes / _cMark J. Penn with E. Kinney Zalesne. |
||
| 260 |
_aNew York ; _bTwelve , _c2007. |
||
| 300 |
_a607 pages : _c17 cm. |
||
| 500 | _aIncludes index | ||
| 650 | _aSocial influence | ||
| 650 | _aSocial change | ||
| 700 |
_aZalesne, E. Kinney, _eauthor. |
||
| 942 |
_2ddc _cNFIC |
||